Code of professional conduct for counsel / (Registro nro. 173669)
[ vista simple ]
| 000 -LEADER | |
|---|---|
| fixed length control field | 01008nam a22003131i 4500 |
| 001 - CONTROL NUMBER | |
| control field | bslw10113565 |
| 006 - FIXED-LENGTH DATA ELEMENTS--ADDITIONAL MATERIAL CHARACTERISTICS--GENERAL INFORMATION | |
| fixed length control field | m o d |
| 007 - PHYSICAL DESCRIPTION FIXED FIELD--GENERAL INFORMATION | |
| fixed length control field | cr un ---uuuua |
| 008 - FIXED-LENGTH DATA ELEMENTS--GENERAL INFORMATION | |
| fixed length control field | 240102t20112011ne o 000 0 eng d |
| 020 ## - INTERNATIONAL STANDARD BOOK NUMBER | |
| International Standard Book Number | 9292272322 |
| 035 ## - | |
| -- | 42207 |
| 040 ## - CATALOGING SOURCE | |
| Original cataloging agency | UtOrBLW |
| Language of cataloging | eng |
| Description conventions | rda |
| Transcribing agency | UtOrBLW |
| 050 #4 - | |
| -- | K115 |
| -- | .I58 2011 |
| 082 04 - | |
| -- | 340.023 |
| -- | 23 |
| 245 00 - TITLE STATEMENT | |
| Title | Code of professional conduct for counsel / |
| Statement of responsibility, etc | Cour Pénale Internationale = International Criminal Court. |
| 264 #1 - | |
| -- | The Hague : |
| -- | International Criminal Court, |
| -- | [2011] |
| 264 #4 - | |
| -- | ©2011 |
| 300 ## - PHYSICAL DESCRIPTION | |
| Extent | 1 online resource (16 pages) |
| 336 ## - | |
| -- | text |
| -- | txt |
| -- | rdacontent |
| 337 ## - | |
| -- | computer |
| -- | c |
| -- | rdamedia |
| 338 ## - | |
| -- | online resource |
| -- | cr |
| -- | rdacarrier |
| 610 20 - SUBJECT ADDED ENTRY--CORPORATE NAME | |
| Corporate name or jurisdiction name as entry element | International Criminal Court |
| Form subdivision | Rules and practice. |
| 650 #0 - SUBJECT ADDED ENTRY--TOPICAL TERM | |
| Topical term or geographic name as entry element | Lawyers. |
| 650 #0 - SUBJECT ADDED ENTRY--TOPICAL TERM | |
| Topical term or geographic name as entry element | Legal ethics. |
| 710 2# - ADDED ENTRY--CORPORATE NAME | |
| Corporate name or jurisdiction name as entry element | International Criminal Court, |
| Relator term | issuing body. |
| 856 40 - LOCALIZACIÓN Y ACCESO ELECTRÓNICO | |
| Identificador Uniforme del Recurso (URI/URL) | https://app.vlex.com/#/sources/42207 |
| 942 ## - | |
| -- | RAA |
| 999 ## - | |
| -- | 173669 |
| -- | 173669 |
No hay ítems disponibles.